[Event "Blitz 2018"]
[Site "Saint-Petersburg"]
[Date "2018.12.29"]
[Round "3"]
[Board "76"]
[White "Reshetnikov Alexey (RUS)"]
[Black "Zvjaginsev Vadim (RUS)"]
[Result "1-0"]
[LiveChessVersion "1.4.8"]
[BlackElo "2649"]
[WhiteElo "2473"]

1. b3 {[%clk 0:03:04]} Nf6 {[%clk 0:03:02]} 2. Bb2 {[%clk 0:03:05]} g6
{[%clk 0:03:03]} 3. c4 {[%clk 0:03:06]} Bg7 4. Nf3 O-O 5. e3 d6 {[%clk 0:03:01]}
6. d4 {[%clk 0:03:10]} c6 {[%clk 0:02:59]} 7. Be2 {[%clk 0:03:10]} Bf5
{[%clk 0:02:57]} 8. O-O {[%clk 0:03:10]} a5 {[%clk 0:02:55]} 9. Nc3
{[%clk 0:03:07]} Ne4 {[%clk 0:02:54]} 10. Nxe4 {[%clk 0:02:59]} Bxe4
{[%clk 0:02:54]} 11. Nd2 {[%clk 0:02:55]} Bf5 {[%clk 0:02:55]} 12. a3
{[%clk 0:02:55]} c5 {[%clk 0:02:47]} 13. Nf3 {[%clk 0:02:38]} Nc6
{[%clk 0:02:32]} 14. Qd2 {[%clk 0:02:36]} e5 {[%clk 0:02:31]} 15. d5
{[%clk 0:02:08]} Nb8 {[%clk 0:02:24]} 16. Ne1 {[%clk 0:01:31]} Na6
{[%clk 0:01:45]} 17. Bc3 {[%clk 0:01:23]} b6 {[%clk 0:01:45]} 18. Qb2
{[%clk 0:01:19]} Qe7 {[%clk 0:01:41]} 19. Nd3 {[%clk 0:00:57]} Rae8
{[%clk 0:01:37]} 20. Rfe1 {[%clk 0:00:24]} Bd7 {[%clk 0:01:05]} 21. b4
{[%clk 0:00:23]} Rb8 {[%clk 0:00:58]} 22. bxc5 {[%clk 0:00:23]} bxc5
{[%clk 0:00:46]} 23. Qc2 {[%clk 0:00:24]} a4 {[%clk 0:00:40]} 24. Reb1
{[%clk 0:00:25]} f5 {[%clk 0:00:38]} 25. Rxb8 {[%clk 0:00:26]} Rxb8
{[%clk 0:00:39]} 26. Rb1 {[%clk 0:00:27]} Qf8 {[%clk 0:00:38]} 27. Rxb8
{[%clk 0:00:22]} Qxb8 28. Qb2 Qc7 {[%clk 0:00:26]} 29. Bd1 {[%clk 0:00:24]} Be8
{[%clk 0:00:26]} 30. Qb1 {[%clk 0:00:21]} Bd7 {[%clk 0:00:21]} 31. Bc2
{[%clk 0:00:22]} Be8 {[%clk 0:00:22]} 32. Nb2 {[%clk 0:00:23]} Qb7
{[%clk 0:00:22]} 33. Qd1 {[%clk 0:00:23]} e4 {[%clk 0:00:22]} 34. Bxg7
{[%clk 0:00:23]} Qxg7 {[%clk 0:00:22]} 35. Nxa4 {[%clk 0:00:17]} Bxa4
{[%clk 0:00:23]} 36. Bxa4 {[%clk 0:00:18]} Qc3 {[%clk 0:00:24]} 37. Bd7
{[%clk 0:00:12]} Qxa3 {[%clk 0:00:25]} 38. g4 {[%clk 0:00:08]} Qd3
{[%clk 0:00:15]} 39. Qxd3 {[%clk 0:00:05]} exd3 {[%clk 0:00:16]} 40. Kf1
{[%clk 0:00:06]} fxg4 {[%clk 0:00:13]} 41. Bxg4 {[%clk 0:00:07]} Nb4
{[%clk 0:00:11]} 42. Ke1 {[%clk 0:00:08]} Kg7 {[%clk 0:00:11]} 43. Kd2
{[%clk 0:00:09]} g5 {[%clk 0:00:13]} 44. Bf5 {[%clk 0:00:09]} h6 {[%clk 0:00:13]}
45. Bxd3 {[%clk 0:00:10]} Kf6 {[%clk 0:00:15]} 46. Bb1 {[%clk 0:00:11]} Ke5
{[%clk 0:00:15]} 47. Ke2 {[%clk 0:00:12]} Na6 {[%clk 0:00:15]} 48. Kf3
{[%clk 0:00:13]} Nb8 {[%clk 0:00:15]} 49. Kg4 {[%clk 0:00:14]} Kf6
{[%clk 0:00:16]} 50. Kh5 {[%clk 0:00:15]} Kg7 {[%clk 0:00:18]} 51. h4
{[%clk 0:00:16]} gxh4 52. Kxh4 {[%clk 0:00:17]} Nd7 {[%clk 0:00:21]} 53. f4
{[%clk 0:00:18]} Kf6 {[%clk 0:00:20]} 54. e4 {[%clk 0:00:19]} Kg7
{[%clk 0:00:20]} 55. Kh5 {[%clk 0:00:19]} Nf6+ {[%clk 0:00:22]} 56. Kh4
{[%clk 0:00:20]} Nd7 {[%clk 0:00:23]} 57. Kg4 {[%clk 0:00:21]} Kf6
{[%clk 0:00:25]} 58. Bc2 {[%clk 0:00:22]} Nb6 {[%clk 0:00:26]} 59. Bb3
{[%clk 0:00:23]} Nd7 {[%clk 0:00:27]} 60. Ba4 {[%clk 0:00:24]} Nb6 61. Bb5 Nc8
{[%clk 0:00:28]} 62. Kh5 {[%clk 0:00:26]} Kg7 {[%clk 0:00:25]} 63. e5
{[%clk 0:00:28]} Kh7 {[%clk 0:00:24]} 64. Ba4 {[%clk 0:00:27]} Kg7
{[%clk 0:00:25]} 65. Kg4 {[%clk 0:00:28]} Nb6 {[%clk 0:00:26]} 66. Bb3
{[%clk 0:00:29]} h5+ {[%clk 0:00:25]} 67. Kxh5 {[%clk 0:00:29]} dxe5
{[%clk 0:00:27]} 68. fxe5 {[%clk 0:00:30]} Nd7 {[%clk 0:00:28]} 69. e6
{[%clk 0:00:31]} Ne5 {[%clk 0:00:29]} 70. Kg5 {[%clk 0:00:32]} Nf3+
{[%clk 0:00:29]} 71. Kf4 {[%clk 0:00:32]} Nd4 {[%clk 0:00:30]} 72. Bd1
{[%clk 0:00:32]} Kf6 {[%clk 0:00:31]} 73. Ke4 {[%clk 0:00:33]} Nf5
{[%clk 0:00:32]} 74. Bg4 {[%clk 0:00:31]} Nd6+ {[%clk 0:00:33]} 75. Kd3
{[%clk 0:00:32]} Ke7 {[%clk 0:00:33]} 76. Be2 {[%clk 0:00:32]} Kf6
{[%clk 0:00:33]} 77. Kc3 {[%clk 0:00:32]} Ke7 {[%clk 0:00:33]} 78. Kb3
{[%clk 0:00:34]} Nf5 {[%clk 0:00:32]} 79. Ka4 {[%clk 0:00:33]} Kd6
{[%clk 0:00:33]} 80. Ka5 {[%clk 0:00:32]} Ne7 {[%clk 0:00:29]} 81. Bd3
{[%clk 0:00:33]} Ng8 {[%clk 0:00:29]} 82. Kb6 {[%clk 0:00:33]} Nf6
{[%clk 0:00:30]} 83. Bg6 {[%clk 0:00:32]} Ng4 {[%clk 0:00:30]} 84. e7
{[%clk 0:00:27]} Kxe7 {[%clk 0:00:29]} 85. Kxc5 {[%clk 0:00:29]} 1-0

[Event "Blitz 2018"]
[Site "Saint-Petersburg"]
[Date "2018.12.29"]
[Round "3"]
[Board "77"]
[White "Steinberg Nitzan (ISR)"]
[Black "Jakovenko Dmitry (RUS)"]
[Result "0-1"]
[LiveChessVersion "1.4.8"]
[BlackElo "2616"]
[WhiteElo "2447"]

1. e4 {[%clk 0:03:03]} e5 {[%clk 0:03:04]} 2. Nf3 {[%clk 0:03:04]} Nc6
{[%clk 0:03:05]} 3. Bb5 {[%clk 0:03:04]} a6 {[%clk 0:03:07]} 4. Ba4
{[%clk 0:03:06]} Nf6 {[%clk 0:03:07]} 5. O-O {[%clk 0:03:06]} Be7
{[%clk 0:03:08]} 6. Re1 {[%clk 0:03:04]} b5 {[%clk 0:03:09]} 7. Bb3
{[%clk 0:03:05]} d6 {[%clk 0:03:11]} 8. c3 {[%clk 0:03:06]} O-O {[%clk 0:03:11]}
9. h3 {[%clk 0:03:07]} Na5 {[%clk 0:03:13]} 10. Bc2 {[%clk 0:03:08]} c5
{[%clk 0:03:14]} 11. d4 {[%clk 0:03:09]} Nd7 {[%clk 0:03:15]} 12. Nbd2
{[%clk 0:02:58]} exd4 {[%clk 0:03:16]} 13. cxd4 {[%clk 0:02:58]} Nc6
{[%clk 0:03:16]} 14. d5 {[%clk 0:02:50]} Nce5 {[%clk 0:03:17]} 15. Nxe5
{[%clk 0:02:45]} Nxe5 {[%clk 0:03:17]} 16. f4 {[%clk 0:02:45]} Ng6
{[%clk 0:03:13]} 17. Nf3 {[%clk 0:02:46]} Bh4 {[%clk 0:03:09]} 18. Nxh4
{[%clk 0:02:11]} Qxh4 {[%clk 0:03:09]} 19. Rf1 {[%clk 0:02:11]} f5
{[%clk 0:02:56]} 20. e5 {[%clk 0:01:39]} dxe5 {[%clk 0:02:35]} 21. fxe5
{[%clk 0:01:40]} Nxe5 {[%clk 0:02:32]} 22. Bf4 {[%clk 0:01:38]} Nc4
{[%clk 0:02:10]} 23. b3 {[%clk 0:01:05]} Na3 {[%clk 0:02:10]} 24. Qd2
{[%clk 0:00:50]} Qf6 {[%clk 0:01:58]} 25. Rad1 {[%clk 0:00:45]} Bd7
{[%clk 0:01:45]} 26. Kh1 {[%clk 0:00:28]} Rac8 {[%clk 0:01:41]} 27. Rfe1
{[%clk 0:00:25]} Rfe8 {[%clk 0:01:36]} 28. d6 {[%clk 0:00:22]} h6
{[%clk 0:01:00]} 29. Qd5+ {[%clk 0:00:15]} Kh7 {[%clk 0:00:50]} 30. Rxe8
{[%clk 0:00:13]} Rxe8 {[%clk 0:00:45]} 31. Qxc5 {[%clk 0:00:13]} Rc8
{[%clk 0:00:46]} 32. Qxa3 {[%clk 0:00:09]} Rxc2 {[%clk 0:00:47]} 33. Rd2
{[%clk 0:00:05]} Rxd2 {[%clk 0:00:36]} 34. Bxd2 {[%clk 0:00:06]} Qd4
{[%clk 0:00:32]} 35. Qb4 {[%clk 0:00:05]} Qd5 {[%clk 0:00:32]} 36. Kh2
{[%clk 0:00:03]} Bc6 {[%clk 0:00:32]} 37. Kg3 {[%clk 0:00:03]} Qxg2+
{[%clk 0:00:31]} 38. Kf4 {[%clk 0:00:04]} Qd5 {[%clk 0:00:29]} 39. Bc3
{[%clk 0:00:04]} g5+ {[%clk 0:00:27]} 40. Ke3 {[%clk 0:00:05]} f4+
{[%clk 0:00:28]} 41. Ke2 {[%clk 0:00:05]} Kg6 {[%clk 0:00:27]} 42. Qd4
{[%clk 0:00:05]} Qxd4 {[%clk 0:00:27]} 43. Bxd4 {[%clk 0:00:06]} Kf5
{[%clk 0:00:28]} 44. Bg7 {[%clk 0:00:06]} h5 {[%clk 0:00:28]} 45. Kf2
{[%clk 0:00:06]} g4 {[%clk 0:00:29]} 46. hxg4+ {[%clk 0:00:07]} hxg4
{[%clk 0:00:30]} 47. Bd4 {[%clk 0:00:06]} g3+ {[%clk 0:00:31]} 48. Kg1
{[%clk 0:00:07]} f3 {[%clk 0:00:32]} 49. Bb6 {[%clk 0:00:03]} Kg4
{[%clk 0:00:30]} 50. Kf1 {[%clk 0:00:03]} b4 {[%clk 0:00:24]} 51. Kg1
{[%clk 0:00:03]} f2+ {[%clk 0:00:21]} 52. Kf1 {[%clk 0:00:04]} Bb5+
{[%clk 0:00:22]} 0-1

[Event "Blitz 2018"]
[Site "Saint-Petersburg"]
[Date "2018.12.29"]
[Round "3"]
[Board "78"]
[White "Motylev Alexander (RUS)"]
[Black "Predke Alexandr (RUS)"]
[Result "1/2-1/2"]
[LiveChessVersion "1.4.8"]
[BlackElo "2482"]
[WhiteElo "2609"]

1. e4 {[%clk 0:03:02]} c5 {[%clk 0:03:02]} 2. Nf3 {[%clk 0:03:01]} Nf6
{[%clk 0:03:03]} 3. e5 {[%clk 0:02:59]} Nd5 {[%clk 0:03:03]} 4. Nc3
{[%clk 0:03:00]} Nxc3 {[%clk 0:03:03]} 5. dxc3 {[%clk 0:03:01]} Nc6
{[%clk 0:03:03]} 6. Bf4 {[%clk 0:03:01]} e6 {[%clk 0:03:03]} 7. Bd3
{[%clk 0:02:51]} h6 {[%clk 0:02:56]} 8. Qe2 {[%clk 0:02:51]} d5 {[%clk 0:02:38]}
9. exd6 {[%clk 0:02:47]} Bxd6 {[%clk 0:02:38]} 10. Bxd6 {[%clk 0:02:47]} Qxd6
{[%clk 0:02:39]} 11. O-O-O {[%clk 0:02:47]} Bd7 {[%clk 0:02:19]} 12. Nd2
{[%clk 0:02:25]} O-O-O {[%clk 0:01:44]} 13. Ne4 {[%clk 0:02:21]} Qe7
{[%clk 0:01:21]} 14. Qe3 {[%clk 0:02:21]} b6 {[%clk 0:01:20]} 15. Qf4
{[%clk 0:02:22]} e5 {[%clk 0:01:17]} 16. Qxf7 {[%clk 0:02:20]} Kc7
{[%clk 0:01:01]} 17. Qf3 {[%clk 0:02:02]} Rhf8 {[%clk 0:01:00]} 18. Qe2
{[%clk 0:02:01]} Na5 {[%clk 0:00:53]} 19. Kb1 {[%clk 0:01:39]} Bc6
{[%clk 0:00:49]} 20. c4 {[%clk 0:01:35]} Rd4 {[%clk 0:00:14]} 21. f3
{[%clk 0:01:20]} Bxe4 {[%clk 0:00:15]} 22. Bxe4 {[%clk 0:01:21]} Rfd8
{[%clk 0:00:12]} 23. b3 {[%clk 0:01:12]} R8d6 {[%clk 0:00:08]} 24. c3
{[%clk 0:01:10]} Rxd1+ {[%clk 0:00:08]} 25. Rxd1 {[%clk 0:01:11]} Rxd1+
{[%clk 0:00:09]} 26. Qxd1 {[%clk 0:01:12]} Qd6 {[%clk 0:00:09]} 27. Qxd6+
{[%clk 0:01:07]} Kxd6 {[%clk 0:00:09]} 28. Kc2 {[%clk 0:01:06]} Nc6
{[%clk 0:00:10]} 29. Bxc6 {[%clk 0:01:07]} Kxc6 {[%clk 0:00:11]} 30. Kd3
{[%clk 0:01:07]} Kd6 {[%clk 0:00:11]} 31. Ke4 {[%clk 0:01:07]} Ke6
{[%clk 0:00:09]} 32. h4 {[%clk 0:01:08]} h5 {[%clk 0:00:04]} 33. b4
{[%clk 0:00:54]} a5 {[%clk 0:00:03]} 34. a3 {[%clk 0:00:53]} a4 {[%clk 0:00:04]}
35. f4 {[%clk 0:00:33]} exf4 36. Kxf4 {[%clk 0:00:34]} Kf6 {[%clk 0:00:06]} 37.
g3 {[%clk 0:00:29]} g6 {[%clk 0:00:07]} 38. b5 {[%clk 0:00:30]} g5+
{[%clk 0:00:07]} 39. Ke4 {[%clk 0:00:07]} gxh4 {[%clk 0:00:07]} 40. gxh4
{[%clk 0:00:08]} Ke6 {[%clk 0:00:09]} 41. Kf4 {[%clk 0:00:08]} Kf6
{[%clk 0:00:10]} 1/2-1/2

[Event "Blitz 2018"]
[Site "Saint-Petersburg"]
[Date "2018.12.29"]
[Round "3"]
[Board "79"]
[White "Pogosyan Stefan (RUS)"]
[Black "Ghaem Maghami Ehsan (IRI)"]
[Result "0-1"]
[LiveChessVersion "1.4.8"]
[BlackElo "2582"]
[WhiteElo "2330"]

1. Nf3 {[%clk 0:03:02]} c5 2. b3 Nc6 {[%clk 0:03:04]} 3. Bb2 {[%clk 0:03:05]} d6
{[%clk 0:03:05]} 4. c4 {[%clk 0:03:03]} e5 {[%clk 0:03:06]} 5. Nc3
{[%clk 0:03:03]} f5 {[%clk 0:03:07]} 6. d3 {[%clk 0:02:59]} Nf6 {[%clk 0:03:07]}
7. e3 {[%clk 0:03:00]} g6 {[%clk 0:03:09]} 8. Be2 {[%clk 0:03:01]} Bg7
{[%clk 0:03:10]} 9. O-O {[%clk 0:03:02]} O-O {[%clk 0:03:11]} 10. d4
{[%clk 0:02:47]} e4 {[%clk 0:02:57]} 11. Ne1 {[%clk 0:02:48]} cxd4
{[%clk 0:01:52]} 12. exd4 f4 13. Nc2 {[%clk 0:02:00]} Bf5 {[%clk 0:01:36]} 14. d5
{[%clk 0:01:55]} Ne5 {[%clk 0:01:23]} 15. Nd4 {[%clk 0:01:56]} Qd7
{[%clk 0:01:20]} 16. Nxf5 {[%clk 0:01:21]} gxf5 {[%clk 0:01:13]} 17. f3
{[%clk 0:01:23]} Rae8 {[%clk 0:00:47]} 18. fxe4 {[%clk 0:00:44]} Nxe4
{[%clk 0:00:48]} 19. Rxf4 {[%clk 0:00:17]} Ng6 {[%clk 0:00:49]} 20. Rxe4 fxe4
{[%clk 0:00:47]} 21. Bg4 {[%clk 0:00:13]} Qd8 {[%clk 0:00:46]} 22. Be6+
{[%clk 0:00:13]} Kh8 {[%clk 0:00:43]} 23. Qd2 {[%clk 0:00:08]} Qb6+
{[%clk 0:00:41]} 24. Kh1 {[%clk 0:00:06]} Rf2 {[%clk 0:00:41]} 25. Qc1
{[%clk 0:00:04]} Ref8 {[%clk 0:00:30]} 26. Na4 {[%clk 0:00:03]} Bxb2
{[%clk 0:00:31]} 27. Nxb2 {[%clk 0:00:04]} Qd4 {[%clk 0:00:19]} 28. Na4
{[%clk 0:00:03]} Qxa1 {[%clk 0:00:17]} 0-1

[Event "Blitz 2018"]
[Site "Saint-Petersburg"]
[Date "2018.12.29"]
[Round "3"]
[Board "80"]
[White "Gareyev Timur (USA)"]
[Black "Minko Vladimir (RUS)"]
[Result "1-0"]
[LiveChessVersion "1.4.8"]
[BlackElo "2403"]
[WhiteElo "2577"]

1. g4 {[%clk 0:02:56]} d5 {[%clk 0:03:02]} 2. Bg2 {[%clk 0:02:57]} c5
{[%clk 0:02:59]} 3. g5 {[%clk 0:02:47]} Nc6 {[%clk 0:02:53]} 4. Nc3
{[%clk 0:02:33]} e6 {[%clk 0:02:50]} 5. h4 {[%clk 0:02:20]} Bd6 {[%clk 0:02:44]}
6. d3 {[%clk 0:02:11]} Nge7 {[%clk 0:02:42]} 7. e4 {[%clk 0:02:12]} d4
{[%clk 0:02:35]} 8. Nce2 {[%clk 0:02:12]} e5 {[%clk 0:02:35]} 9. Ng3
{[%clk 0:02:08]} Be6 {[%clk 0:02:25]} 10. Bh3 {[%clk 0:01:40]} Qd7
{[%clk 0:02:22]} 11. Qf3 {[%clk 0:01:41]} Bxh3 {[%clk 0:01:59]} 12. Nxh3
{[%clk 0:01:37]} Rc8 {[%clk 0:01:51]} 13. Bd2 {[%clk 0:01:37]} c4
{[%clk 0:01:35]} 14. Kf1 {[%clk 0:01:16]} Nb4 {[%clk 0:01:25]} 15. Bxb4
{[%clk 0:01:13]} Bxb4 {[%clk 0:01:25]} 16. Kg2 {[%clk 0:01:07]} cxd3
{[%clk 0:01:16]} 17. Qxd3 {[%clk 0:01:02]} Qc6 {[%clk 0:01:06]} 18. Rhc1
{[%clk 0:00:52]} O-O {[%clk 0:00:57]} 19. f3 {[%clk 0:00:52]} Qe6
{[%clk 0:00:43]} 20. Nf5 {[%clk 0:00:30]} Nxf5 {[%clk 0:00:36]} 21. exf5
{[%clk 0:00:31]} Qd6 {[%clk 0:00:34]} 22. Nf2 {[%clk 0:00:30]} Rc7
{[%clk 0:00:31]} 23. a3 {[%clk 0:00:27]} Bc5 {[%clk 0:00:28]} 24. b4
{[%clk 0:00:26]} Bb6 {[%clk 0:00:29]} 25. c4 {[%clk 0:00:27]} Rfc8
{[%clk 0:00:07]} 26. c5 {[%clk 0:00:26]} Qd5 {[%clk 0:00:08]} 27. Qd1
{[%clk 0:00:13]} 1-0

[Event "Blitz 2018"]
[Site "Saint-Petersburg"]
[Date "2018.12.29"]
[Round "3"]
[Board "81"]
[White "Fakhrutdinov Timur (RUS)"]
[Black "Al-Sayed Mohammed (QAT)"]
[Result "1-0"]
[LiveChessVersion "1.4.8"]
[BlackElo "2547"]
[WhiteElo "2357"]

1. e4 {[%clk 0:03:02]} c5 {[%clk 0:03:03]} 2. Nf3 {[%clk 0:03:04]} d6
{[%clk 0:03:04]} 3. d4 {[%clk 0:03:05]} cxd4 {[%clk 0:03:05]} 4. Nxd4
{[%clk 0:03:06]} Nf6 {[%clk 0:03:06]} 5. Nc3 {[%clk 0:03:07]} a6 {[%clk 0:03:07]}
6. Be3 {[%clk 0:03:07]} Nbd7 {[%clk 0:03:07]} 7. g4 {[%clk 0:02:47]} h6
{[%clk 0:03:08]} 8. Rg1 {[%clk 0:02:41]} b5 {[%clk 0:02:45]} 9. a3
{[%clk 0:02:37]} Bb7 {[%clk 0:02:45]} 10. f3 {[%clk 0:02:30]} e6 {[%clk 0:02:32]}
11. h4 {[%clk 0:02:20]} Nb6 {[%clk 0:02:23]} 12. g5 {[%clk 0:02:07]} Nfd7
{[%clk 0:02:23]} 13. g6 {[%clk 0:01:41]} Qxh4+ {[%clk 0:02:23]} 14. Bf2
{[%clk 0:01:43]} Qf6 {[%clk 0:02:13]} 15. Bh3 {[%clk 0:01:32]} fxg6
{[%clk 0:01:38]} 16. Nxe6 {[%clk 0:01:22]} Rc8 {[%clk 0:01:27]} 17. Qd4
{[%clk 0:00:26]} Qxf3 {[%clk 0:00:44]} 18. Bg4 {[%clk 0:00:13]} Qf6
{[%clk 0:00:29]} 19. Qxf6 {[%clk 0:00:12]} gxf6 {[%clk 0:00:28]} 20. Nxf8
{[%clk 0:00:10]} Rxf8 {[%clk 0:00:22]} 21. Bxb6 {[%clk 0:00:11]} Nxb6
{[%clk 0:00:21]} 22. Bxc8 {[%clk 0:00:11]} Bxc8 {[%clk 0:00:20]} 23. Rxg6
{[%clk 0:00:12]} h5 {[%clk 0:00:14]} 24. O-O-O {[%clk 0:00:10]} Kf7
{[%clk 0:00:09]} 25. Rg2 {[%clk 0:00:06]} Nc4 {[%clk 0:00:07]} 26. Rd3
{[%clk 0:00:04]} h4 {[%clk 0:00:05]} 27. Nd5 {[%clk 0:00:04]} h3 {[%clk 0:00:05]}
28. Rf2 {[%clk 0:00:05]} Kg7 {[%clk 0:00:04]} 29. Nf4 {[%clk 0:00:06]} Ne5
{[%clk 0:00:04]} 30. Rg3+ {[%clk 0:00:06]} Kf7 {[%clk 0:00:05]} 31. Nxh3
{[%clk 0:00:06]} Rh8 {[%clk 0:00:05]} 32. Ng1 {[%clk 0:00:05]} Rh1
{[%clk 0:00:06]} 33. Rf1 {[%clk 0:00:06]} Be6 {[%clk 0:00:04]} 34. b3
{[%clk 0:00:06]} a5 {[%clk 0:00:06]} 35. Kd2 {[%clk 0:00:07]} Rh2+
{[%clk 0:00:06]} 36. Ne2 {[%clk 0:00:05]} a4 {[%clk 0:00:07]} 37. Ke3
{[%clk 0:00:03]} axb3 {[%clk 0:00:08]} 38. cxb3 {[%clk 0:00:05]} Bxb3
{[%clk 0:00:08]} 39. Nd4 {[%clk 0:00:05]} Bc4 {[%clk 0:00:09]} 40. Rf2
{[%clk 0:00:05]} Rh1 {[%clk 0:00:10]} 41. Nf5 {[%clk 0:00:05]} Rd1
{[%clk 0:00:08]} 42. Rd2 {[%clk 0:00:05]} Re1+ {[%clk 0:00:07]} 43. Kf2
{[%clk 0:00:06]} Rf1+ {[%clk 0:00:07]} 44. Kg2 {[%clk 0:00:07]} d5
{[%clk 0:00:05]} 45. exd5 {[%clk 0:00:07]} Rxf5 {[%clk 0:00:06]} 46. d6
{[%clk 0:00:08]} Be6 {[%clk 0:00:04]} 47. Rc3 {[%clk 0:00:09]} Bd7
{[%clk 0:00:05]} 48. Rc7 {[%clk 0:00:10]} Ke6 {[%clk 0:00:06]} 49. Kg3
{[%clk 0:00:09]} Rf3+ {[%clk 0:00:06]} 50. Kg2 {[%clk 0:00:10]} Rf4
{[%clk 0:00:07]} 51. Kg3 {[%clk 0:00:09]} Rg4+ {[%clk 0:00:08]} 52. Kf2
{[%clk 0:00:10]} Ra4 {[%clk 0:00:07]} 53. Rc3 {[%clk 0:00:08]} Rf4+
{[%clk 0:00:07]} 54. Kg3 {[%clk 0:00:07]} Rg4+ {[%clk 0:00:07]} 55. Kf2
{[%clk 0:00:09]} Rh4 {[%clk 0:00:07]} 56. Rd1 {[%clk 0:00:07]} Rh2+
{[%clk 0:00:05]} 57. Kg3 {[%clk 0:00:06]} Ra2 {[%clk 0:00:06]} 58. Kf4
{[%clk 0:00:05]} Re2 {[%clk 0:00:05]} 59. Rh3 {[%clk 0:00:05]} Ng6+
{[%clk 0:00:04]} 60. Kf3 {[%clk 0:00:05]} Re5 {[%clk 0:00:05]} 61. Rh7
{[%clk 0:00:06]} Rf5+ {[%clk 0:00:05]} 62. Ke4 {[%clk 0:00:06]} Rf4+
{[%clk 0:00:06]} 63. Ke3 {[%clk 0:00:07]} Ra4 {[%clk 0:00:07]} 64. Rg7
{[%clk 0:00:08]} Rxa3+ {[%clk 0:00:07]} 65. Kf2 {[%clk 0:00:08]} Ne5
{[%clk 0:00:08]} 66. Re7+ {[%clk 0:00:09]} Kf5 {[%clk 0:00:09]} 67. Rd5
{[%clk 0:00:09]} Bc6 {[%clk 0:00:08]} 68. d7 {[%clk 0:00:09]} Bxd7
{[%clk 0:00:04]} 69. Rexd7 {[%clk 0:00:10]} b4 {[%clk 0:00:03]} 70. Rb7
{[%clk 0:00:10]} Ke6 {[%clk 0:00:04]} 71. Rd4 {[%clk 0:00:10]} b3
{[%clk 0:00:04]} 72. Rb6+ {[%clk 0:00:11]} Kf5 {[%clk 0:00:05]} 73. Rdd6
{[%clk 0:00:09]} Ke4 {[%clk 0:00:06]} 74. Rb4+ {[%clk 0:00:09]} Kf5
{[%clk 0:00:07]} 75. Ke2 {[%clk 0:00:05]} Ra2+ {[%clk 0:00:07]} 76. Rd2
{[%clk 0:00:05]} Kg5 {[%clk 0:00:04]} 77. Rxb3 {[%clk 0:00:06]} Ra4
{[%clk 0:00:05]} 78. Rg3+ {[%clk 0:00:05]} Ng4 {[%clk 0:00:05]} 79. Rc3
{[%clk 0:00:05]} f5 {[%clk 0:00:06]} 80. Kf3 {[%clk 0:00:06]} Rf4+
{[%clk 0:00:07]} 81. Kg3 {[%clk 0:00:07]} Rf1 {[%clk 0:00:08]} 82. Rc8
{[%clk 0:00:06]} f4+ {[%clk 0:00:07]} 83. Kg2 {[%clk 0:00:06]} Ne3+
{[%clk 0:00:07]} 84. Kh2 {[%clk 0:00:06]} Ng4+ {[%clk 0:00:08]} 85. Kg2
{[%clk 0:00:08]} Ne3+ {[%clk 0:00:09]} 86. Kh2 {[%clk 0:00:09]} Kg4
{[%clk 0:00:08]} 87. Rg8+ {[%clk 0:00:06]} Kf3 {[%clk 0:00:09]} 88. Ra2 Rc1
{[%clk 0:00:09]} 89. Rg7 {[%clk 0:00:06]} Rc8 {[%clk 0:00:08]} 90. Kg1
{[%clk 0:00:05]} Rc3 {[%clk 0:00:08]} 91. Rf2+ Ke4 92. Rf7 {[%clk 0:00:06]} Rc1+
{[%clk 0:00:09]} 93. Kh2 {[%clk 0:00:07]} Ng4+ {[%clk 0:00:11]} 94. Kg2
{[%clk 0:00:08]} Nxf2 {[%clk 0:00:11]} 95. Kxf2 {[%clk 0:00:09]} Rc2+
{[%clk 0:00:12]} 96. Kg1 {[%clk 0:00:08]} Kf3 {[%clk 0:00:12]} 97. Ra7
{[%clk 0:00:06]} Rc1+ {[%clk 0:00:13]} 98. Kh2 {[%clk 0:00:07]} Kf2
{[%clk 0:00:14]} 99. Ra2+ {[%clk 0:00:07]} Ke3 {[%clk 0:00:11]} 100. Ra3+
{[%clk 0:00:09]} Ke2 {[%clk 0:00:11]} 101. Ra2+ {[%clk 0:00:10]} Ke3
{[%clk 0:00:07]} 102. Ra3+ {[%clk 0:00:10]} Kf2 {[%clk 0:00:07]} 103. Ra2+
{[%clk 0:00:11]} Kf1 {[%clk 0:00:08]} 104. Ra3 {[%clk 0:00:05]} Rc2+
{[%clk 0:00:06]} 105. Kh3 {[%clk 0:00:06]} Kf2 {[%clk 0:00:04]} 106. Kg4
{[%clk 0:00:06]} Rc4 {[%clk 0:00:04]} 107. Rf3+ {[%clk 0:00:07]} Ke2
{[%clk 0:00:05]} 108. Rxf4 {[%clk 0:00:08]} 1-0

[Event "Blitz 2018"]
[Site "Saint-Petersburg"]
[Date "2018.12.29"]
[Round "3"]
[Board "82"]
[White "Fridman Daniel (GER)"]
[Black "Belyakov Bogdan (RUS)"]
[Result "1-0"]
[LiveChessVersion "1.4.8"]
[BlackElo "2448"]
[WhiteElo "2530"]

1. Nf3 {[%clk 0:03:02]} Nf6 {[%clk 0:03:03]} 2. c4 {[%clk 0:03:03]} g6
{[%clk 0:03:04]} 3. Nc3 {[%clk 0:03:04]} Bg7 {[%clk 0:03:04]} 4. g3
{[%clk 0:03:05]} O-O {[%clk 0:03:03]} 5. Bg2 {[%clk 0:03:05]} d6 {[%clk 0:03:02]}
6. d4 {[%clk 0:03:06]} Nc6 {[%clk 0:03:02]} 7. O-O {[%clk 0:03:05]} a6
{[%clk 0:03:03]} 8. d5 {[%clk 0:03:06]} Na5 {[%clk 0:03:03]} 9. b3
{[%clk 0:03:06]} c5 {[%clk 0:02:57]} 10. dxc6 {[%clk 0:03:07]} bxc6
{[%clk 0:02:53]} 11. Bg5 {[%clk 0:03:04]} h6 {[%clk 0:02:42]} 12. Bd2
{[%clk 0:03:03]} Rb8 {[%clk 0:02:39]} 13. Qc1 {[%clk 0:02:54]} Kh7
{[%clk 0:02:39]} 14. Rd1 {[%clk 0:02:52]} c5 {[%clk 0:02:36]} 15. e4
{[%clk 0:02:52]} Qc7 {[%clk 0:02:29]} 16. Rb1 {[%clk 0:02:42]} Nc6
{[%clk 0:02:29]} 17. Nd5 {[%clk 0:02:43]} Nxd5 {[%clk 0:02:29]} 18. cxd5
{[%clk 0:02:34]} Nd8 {[%clk 0:01:33]} 19. h3 {[%clk 0:02:24]} a5 {[%clk 0:01:27]}
20. Bc3 {[%clk 0:02:23]} Bxc3 {[%clk 0:01:22]} 21. Qxc3 {[%clk 0:02:23]} f6
{[%clk 0:01:19]} 22. Nd2 {[%clk 0:02:19]} Ba6 {[%clk 0:01:14]} 23. Bf1
{[%clk 0:02:19]} Bxf1 {[%clk 0:01:15]} 24. Rxf1 {[%clk 0:02:13]} Nf7
{[%clk 0:01:14]} 25. f4 {[%clk 0:02:12]} a4 {[%clk 0:01:10]} 26. b4
{[%clk 0:02:02]} Qd7 {[%clk 0:01:10]} 27. bxc5 {[%clk 0:01:48]} dxc5
{[%clk 0:01:11]} 28. Kg2 {[%clk 0:01:47]} Nd6 {[%clk 0:01:07]} 29. Qxc5
{[%clk 0:01:23]} Rfc8 {[%clk 0:01:02]} 30. Qd4 {[%clk 0:01:24]} Rxb1
{[%clk 0:00:58]} 31. Rxb1 {[%clk 0:01:25]} Rc2 {[%clk 0:00:59]} 32. Rb2
{[%clk 0:01:20]} Nb5 {[%clk 0:00:57]} 33. Qb4 {[%clk 0:01:21]} Rxb2
{[%clk 0:00:33]} 34. Qxb2 {[%clk 0:01:22]} f5 {[%clk 0:00:34]} 35. Qe5
{[%clk 0:00:43]} Nd6 {[%clk 0:00:35]} 36. exf5 {[%clk 0:00:34]} gxf5
{[%clk 0:00:34]} 37. h4 {[%clk 0:00:28]} Qc7 {[%clk 0:00:30]} 38. Kh3
{[%clk 0:00:27]} Kg8 {[%clk 0:00:24]} 39. Qe6+ {[%clk 0:00:26]} Kg7
{[%clk 0:00:22]} 40. Nf3 {[%clk 0:00:27]} Qb7 {[%clk 0:00:15]} 41. Ne5
{[%clk 0:00:25]} Qa7 {[%clk 0:00:12]} 42. h5 {[%clk 0:00:19]} Qb7
{[%clk 0:00:10]} 43. Qg6+ {[%clk 0:00:18]} Kf8 {[%clk 0:00:11]} 44. Qxh6+
{[%clk 0:00:19]} Kg8 {[%clk 0:00:11]} 45. Qe6+ {[%clk 0:00:17]} Kh7
{[%clk 0:00:11]} 46. h6 {[%clk 0:00:17]} 1-0